000
00297nam a2200109Ia 4500
100
_a
Joshi, Chitra
245
0
_a
Lost Worlds : Indian Labour and its forgotten histories
264
_b
Permanent Black
_c
2003
300
_a
359
942
_c
IR
999
_c
120715
_d
120715